000 01290nam a22003377a 4500
003 CHAP
005 20220329134640.0
008 971013s1983 mx r 00010 spa d
010 _a23573
011 _a24545
035 _a28644
040 _cCHAP
090 _aFolleto 8423
100 0 0 _aChong Chávez, Isabel.
_922862
245 1 0 _aAdquisición cooperativa de publicaciones periódicas en el área químico-médico-biológica de la UNAM
_c/por Isabel Chong Chávez, María de Lourdes Rovalo de Robles y Simone Thomas
260 _aTlaxcala, Tlax. :
_b[s.e.],
_c1983
300 _a16 h.
500 _aPonencia presentada en: Reunión Nacional de Bibliotecarios y Documentalistas Gubernamentales. 2, Tlaxcala, Tlax. 1983
590 _aBATCH-UPD
_b10
_c20130110
_lUCH01
_h1808
590 _aBATCH-UPD
_b10
_c20130410
_lUCH01
_h1144
590 _aBATCH-UPD
_b10
_c20130913
_lUCH01
_h1937
590 _aCONVERSION
_b10
_c20130109
_lUCH01
_h1314
650 1 4 _aAdquisiciones (Bibliotecas)
_9963
650 1 4 _aCooperación entre bibliotecas.
_927770
650 1 4 _aPublicaciones periódicas.
_992714
700 0 _aRovalo de Robles, María de Lourdes.
_9100338
700 0 _aThomas, Simone.
_9112861
901 _aBK
942 _cFOLL
949 _aFolleto 8423
_bBC
_cB
_d-65953
_eB
_i28644
_mD
_si
999 _c23573
_d23573